LAB MANUAL FOR PHARMACEUTICAL ANALYSIS (Record no. 33309)

MARC details
000 -LEADER
fixed length control field 00396nam a22001577a 4500
003 - CONTROL NUMBER IDENTIFIER
control field SGT
020 ## - INTERNATIONAL STANDARD BOOK NUMBER
International Standard Book Number 9781543348675
082 ## - DEWEY DECIMAL CLASSIFICATION NUMBER
Classification number 615.19
Item number L25M
100 ## - MAIN ENTRY--PERSONAL NAME
Personal name MEHARAJ, SHAIK
245 ## - TITLE STATEMENT
Title LAB MANUAL FOR PHARMACEUTICAL ANALYSIS
260 ## - PUBLICATION, DISTRIBUTION, ETC. (IMPRINT)
Place of publication, distribution, etc PUNJAB
Name of publisher, distributor, etc S. VIKASH & COMPANY
Year of Publication 2025
300 ## - PAGE DESCRIPTION
No. of Pages 46
650 ## - SUBJECT ADDED ENTRY--TOPICAL TERM
Topical term or geographic name as entry element ANALYSIS
653 ## - KEYWORDS--INDEX TERM
Keyword term LAB, MANUAL , PHARMACEUTICAL, ANALYSIS
942 ## - ADDED ENTRY ELEMENTS (KOHA)
Source of classification or shelving scheme Dewey Decimal Classification
Koha item type Gifted Books
Holdings
Withdrawn status Lost status Source of classification or shelving scheme Damaged status Use restrictions Not for loan Collection code Home library Current library Shelving location Date acquired Vendor Name Cost, normal purchase price SGTU Total Checkouts Full call number Accession No. (Barcode) Date last seen Bill Date Koha item type
    Dewey Decimal Classification   Restricted Access   PHARMACY SGT FA-FP Library SGT FA-FP Library Text Book 12/01/2026 SGT UNIVERSITY, Dr. VINOD 99.00 SGTU   615.19 L25M FP5302G 12/01/2026 12/01/2026 Gifted Books